| 000 | 01648nam a2200253Ia 4500 | ||
|---|---|---|---|
| 999 |
_c51961 _d51961 |
||
| 001 | 18962 | ||
| 003 | GE_BSU | ||
| 005 | 20210422130848.0 | ||
| 008 | 181216s2013||||ge |||||||||||||| ||geo|| | ||
| 040 | _cGE_BSU | ||
| 041 | _ageo | ||
| 080 | _a7 ჩ-56 | ||
| 100 |
_aჩიბურდანიძე, რატი _911534 |
||
| 245 |
_aმხატვრულ - სტილისტური ტენდენციები XX საუკუნის 70-იანი წლების ქართულ ფერწერაში / _cრატი ჩიბურდანიძე; სამეცნიერო ხელმძღვანელი ა. კლდიაშვილი, მ. ჭიჭილეიშვილი; ბათუმის შოთა რუსთაველის სახ-ფო უნ-ტი. |
||
| 264 |
_aბათუმი, _c2013. |
||
| 300 |
_a158 გვ. : _b20 ფ. ილ.; _c30 სმ. |
||
| 653 | _aდისერტაცია | ||
| 653 | _aმხატვრულ-სტილისტური ტენდენციები XX საუკუნის 70-იანი წლების ქართულ ფერწერაში | ||
| 653 | _aხელოვნება | ||
| 700 |
_aკლდიაშვილი, ა. _eსამეცნიერო ხელმძღვანელი _911535 |
||
| 700 |
_a ჭიჭილეიშვილი, მ. _eსამეცნიერო ხელმძღვანელი _911536 |
||
| 710 |
_aბათუმის შოთა რუსთაველის სახ-ფო უნ-ტი _911537 |
||
| 942 |
_cBK _2udc |
||